LEADER 02767nam 2200397 450 001 9910688346103321 005 20230701204605.0 035 $a(CKB)5580000000514379 035 $a(NjHacI)995580000000514379 035 $a(EXLCZ)995580000000514379 100 $a20230701d2022 uy 0 101 0 $aeng 135 $aur||||||||||| 181 $ctxt$2rdacontent 182 $cc$2rdamedia 183 $acr$2rdacarrier 200 00$aBroiler Industry /$fedited by Guillermo Te?llez-Isai?as, Juan Latorre, Yordan Marti?nez-Aguilar 210 1$aLondon :$cIntechOpen,$d2022. 210 4$d©2022 215 $a1 online resource (184 pages) 311 $a1-80355-329-4 320 $aIncludes bibliographical references and index. 327 $a1. The Impact of Heavy Metals on the Chicken Gut Microbiota and Their Health and Diseases -- 2. Low Pathogenic Avian Influenza: A Permanent Threat to Poultry Farming in Africa -- 3. Expression of Certain Cytokine Genes in Avian Cells Infected with Newcastle Disease Virus -- 4. Advances in the Nutrition of Functional Amino Acids in Healthy and Immunologically Challenged Birds -- 5. An Overview of Poultry Meat Quality and Myopathies -- 6. Broiler Amino Acid Research: Then and Now -- 7. Thermal Manipulation: Embryonic Development, Hatchability, and Hatching Quality of Broiler Chicks -- 8. Use of Additives and Evaluation of the Quality of Broiler Meat -- 9. Value and Limitations of Formaldehyde for Hatch Cabinet Applications: The Search for Alternatives. 330 $aThe poultry industry has been continuously evolving in multiple research and management areas, including hatchery practices, disease control, genetic selection, intestinal physiology, and nutrition, among others. For instance, it has been observed that amino acid requirements tend to change based on the different environmental and immunological challenges that an animal is undergoing. In addition, a continuous improvement in feed efficiency and growth performance has also affected meat quality parameters. Additionally, research on the impact of hatchery settings and environmental conditions on embryonic development and performance parameters is crucial for an economically feasible production, considering the importance of animal welfare as well. This book provides a compilation of recent scientific information on different pivotal areas of the broiler industry. 606 $aPoultry industry 615 0$aPoultry industry. 676 $a338.1765 702 $aTe?llez-Isai?as$b Guillermo 702 $aLatorre$b Juan 702 $aMarti?nez-Aguilar$b Yordan 801 0$bNjHacI 801 1$bNjHacl 906 $aBOOK 912 $a9910688346103321 996 $aBroiler Industry$92994989 997 $aUNINA LEADER 07278nam 2200433 450 001 9910131178003321 005 20240207234216.0 010 $a1-55442-142-X 035 $a(CKB)3680000000167569 035 $a(NjHacI)993680000000167569 035 $a(EXLCZ)993680000000167569 100 $a20240207d2005 uy 0 101 0 $afre 135 $aur||||||||||| 181 $ctxt$2rdacontent 182 $cc$2rdamedia 183 $acr$2rdacarrier 200 12$aL'identite? fragmente?e $enation et citoyennete? dans les de?bats constitutionnels canadiens, 1941-1992 /$fGilles Bourque, Jules Duchastel, Victor Armony 210 1$aChicoutimi :$cJ.-M. Tremblay,$d2005. 215 $a1 online resource 225 1 $aClassiques des sciences sociales 320 $aIncludes bibliographical references. 327 $aIntroduction ge?ne?rale -- Premie?re partie -- La repre?sentation de la communaute? -- Introduction : Les notions centrales de la re?fe?rence identitaire -- 1. De la reconstruction a? l'e?chec de Victoria -- (A) La re?fe?rence identitaire de 1867 aux anne?es trente -- (B) La citoyennete? et le passage a? l'E?tat-providence (1941-1950) -- - Le gouvernement fe?de?ral et les provinces hors Que?bec -- - Le gouvernement du Que?bec -- (C) La question du que?bec et la citoyennete? canadienne-franc?aise (1964-1971) -- - Le gouvernement fe?de?ral et les provinces hors Que?bec -- - Le gouvernement du Que?bec -- 2. Du projet de rapatriement a? Charlottetown -- (A) Le rapatriement et la charte des droits (1978-1981) -- - Le gouvernement fe?de?ral -- - Les provinces hors Que?bec -- - Le gouvernement du Que?bec -- (B) La question autochtone (1983-1987) -- - Les peuples autochtones -- - Le gouvernement fe?de?ral -- - Les provinces hors Que?bec -- - Le gouvernement du Que?bec -- (C) De l'apre?s-meech a? charlottetown (1991-1992) -- - Le gouvernement fe?de?ral -- - Le gouvernement du Que?bec -- 3. Les citoyens, la socie?te?, le pays -- - Une socie?te? comme adjuvant a? la nation -- - La socie?te? selon Charlottetown -- - La socie?te? comme somme des particularismes -- - Une socie?te? que?be?coise ambigue? -- - Le pays -- Conclusion de la premie?re partie -- Deuxie?me partie -- L'univers des valeurs -- Introduction : Les valeurs dans la production de l'identite? -- 4. Les droits et la Constitution -- (A) Les de?bats constitutionnels et les droits des canadiens -- - La pe?riode 1941-1950 -- - La pe?riode 1964-1971 -- - La pe?riode 1978-1981 -- - La pe?riode 1983-1987 -- - La pe?riode 1991-1992 -- 5. Du progre?s au de?veloppement, de l'unite? a? l'identite? -- (A) Les rapports sociaux -- - Les besoins -- - Les aspirations -- - L'e?galite? -- - La liberte? -- - L'unite? -- - De l'unite? a? l'identite? -- (B) Les institutions politiques -- - La collaboration -- - La responsabilite? -- (C) L'e?conomie -- - Le progre?s -- - Le de?veloppement -- Conclusion de la deuxie?me partie -- Conclusion ge?ne?rale -- Annexes -- Annexe I : Confection du corpus -- Principes directeurs de la cueillette et de l'e?chantillonnage -- Confe?rences et allocutions retenues -- Ordres du jour des confe?rences retenues -- De?tail des allocutions retenues -- Liste des locuteurs du corpus -- Annexe II: Me?thodologie -- La mise en forme du corpus -- La cate?gorisation socio-se?mantique -- La de?marche analytique -- Les proce?dures -- Annexe III: Tableaux -- Tableau 1. Co-occurrence des notions de citoyen, peuple, nation et national durant la pe?riode 1941-1950 -- Tableau 2. Cate?gories socio-se?mantiques nodales de la pe?riode 1941-1950 -- Tableau 3. Co-occurrence des notions de citoyen, peuple, nation et national durant la pe?riode 1941-1987 -- Tableau 4. Notions nodales de la pe?riode 1964-1971 -- Tableau 5. Notions distinctives de la pe?riode 1964-1971 -- Tableau 6. Co-occurrence des notions de citoyen, peuple, nation et national durant la pe?riode 1964-1971 -- Tableau 7. Co-occurrence des notions de citoyen, peuple, nation et national durant la pe?riode 1978-1981 -- Tableau 8. Co-occurrence des notions de citoyen, peuple, nation et national dans Le temps d'agir (P. E. Trudeau, 1978) -- Tableau 9. Co-occurrence des notions de citoyen, peuples, nation et national durant la pe?riode 1983-1987 -- Tableau 10. Notions distinctives de la pe?riode 1983-1987 -- Tableau 11. Co-occurrence des notions de citoyen, peuples, nation et national dans le discours des Autochtones (1983-1987) -- Tableau 12. Co-occurrence des notions de citoyen, peuple, peuples, nation et national durant la pe?riode 1991-1992 -- Tableau 13. Co-occurrence des notions de socie?te? et nation durant la pe?riode 1941-1987 -- Tableau 14. Co-occurrence de la notion de socie?te? durant les pe?riodes 1941-1950, 1964-1971, 1978-1981 et 1983-1987 -- Tableau 15. Co-occurrence de la notion de socie?te? durant la pe?riode 1991-1992 -- Tableau 16. Co-occurrence de la notion de pays durant la pe?riode 1941-1987 -- Tableau 17. Co-occurrence de la notion de pays dans Le temps d'agir (P. E. Trudeau, 1978) -- Tableau 18. Co-occurrence de la notion de pays durant la pe?riode 1991-1992 -- Tableau 19. Principaux mots cate?gorise?s comme valeurs (1941-1987) -- Tableau 20. Notions qui figurent parmi valeurs dominantes au moins dans une pe?riode chez chacun des locuteurs -- Tableau 21. Co-occurrences significatives de la notion de droit(s) durant la pe?riode 1941-1987 -- Tableau 22. Cooccurrences significatives de la notion de besoins durant la pe?riode 1941-1987 -- Tableau 23. Cooccurrences significatives de la notion d'aspirations durant la pe?riode 1941-1987 -- Tableau 24. Co-occurrences significatives de la notion d'e?galite? durant la pe?riode 1941-1987 -- Tableau 25. Co-occurrences significatives de la notion de liberte? durant la pe?riode 1941-1987 -- Tableau 26. Co-occurrences significatives de la notion d'unite? durant la pe?riode 1941-1987 -- Tableau 27. Co-occurrences significatives de la notion de collaboration durant la pe?riode 1941-1987 -- Tableau 28. Co-occurrences significatives de la notion de responsabilite? durant la pe?riode 1941-1987 -- Tableau 29. Co-occurrences significatives de la notion de progre?s durant la pe?riode 1941-1987 -- Tableau 30. Co-occurrences significatives de la notion de de?veloppement durant la pe?riode 1941-1987 -- Bibliographie. 410 0$aClassiques des sciences sociales. 517 $aL'identité fragmentée 606 $aConstitutional history$zCanada 606 $aNationalism$zCanada 615 0$aConstitutional history 615 0$aNationalism 676 $a342.71029 700 $aBourque$b Gilles$0864208 702 $aDuchastel$b Jules 702 $aArmony$b Victor 801 0$bNjHacI 801 1$bNjHacl 906 $aBOOK 912 $a9910131178003321 996 $aL'identite? fragmente?e$93909364 997 $aUNINA